00862cam a2200277 a 45000010008000000030004000080050017000120080041000290100017000700200018000870200015001050250025001200400018001450420010001630430012001730500025001850820019002101000054002292450076002832600059003593000028004185040066004466500033005126500018005456510021005632121533OSt20230921162358.0961012s1996 ii b 001 0 eng  a 96903919  a9788173041211 a8173041210 aI-E-96-903919; 06-92 aDLCcDLCdDLC alcode aa-ii---00aBL2015.R48bB47 199600a294.538bBHA/A1 aBhattacharyya, N. N.q(Narendra Nath),d1934-200110aAncient Indian rituals and their social contents /cN.N. Bhattacharyya. aNew Delhi :bManohar Publishers & Distributors,c2023. axxiii, 305 p. ;c23 cm. aIncludes bibliographical references (p. [279]-288) and index. 0aRites and ceremonieszIndia. 0aCultszIndia. 0aIndiaxReligion.